00438nam a2200181Ia 4500008004100000020001800041050001400059100001800073245002000091245004600111260001500157260001600172260000900188300001400197300002700211300001000238500000800248170918s9999 xx 000 0 und d a9780545466967 bW563 2010 aWheeler, Lisa aDino-baseball / cLisa Wheeler ; illustrated by Barry Gott. aNew York : bScholastic, c2010 aunpaged : bcolored illustration ; c20cm. a400